| 000 | 00658nam a2200217 i 4500 | ||
|---|---|---|---|
| 001 | 63414 | ||
| 003 | ES-MaACL | ||
| 005 | 20260426162553.0 | ||
| 007 | t| | ||
| 008 | 031210s1966 sp ||||1| spa d | ||
| 100 | 1 |
_aFerreiro Alemparte, Jaime, _d1918-2000 _950396 |
|
| 245 | 1 | 0 |
_aEspaña en Rilke / _cJaime Ferreiro Alemparte. |
| 260 |
_aMadrid : _bTaurus, _c[1966] |
||
| 300 |
_a479 p., 14 lám. ; _c21 cm. |
||
| 490 | 1 |
_aPersiles ; _v32 |
|
| 600 | 1 | 7 |
_aRilke, Rainer Maria, _d1875-1926- _xCrítica e interpretación _9165252 |
| 830 | 0 | 0 |
_aPersiles ; _v32 _9236720 |
| 852 |
_aES-MaACL _jC-30962 _bR.70160 |
||
| 942 | _2udc | ||
| 999 |
_c63414 _d63414 |
||